Las condiciones de acceso al mercado de las entidades aseguradoras

Bibliographic Details
Format: eBook
Language:Spanish
Published: Madrid: Marcial Pons, 2016
Subjects:
Online Access:Acceso restringido

MARC

LEADER 00000nam a22000007a 4500
005 20180224145413.0
007 cr|||| ||||
008 180224s2016 es |||||s|||| 00||0 spa d
020 |a 978-84-91233-30-5 
035 |a 20988 
040 |a vLex 
090 |c 7412  |d 7412 
245 0 3 |a Las condiciones de acceso al mercado de las entidades aseguradoras  |h [Recurso electrn̤ico] / 
256 |a Servicio en ln̕ea 
260 |a Madrid:  |b Marcial Pons,  |c 2016 
300 |a 1 recurso electrn̤ico 
500 |a A lo largo de este trabajo se aborda el estudio de las formas sociales vl̀idas para ejercer la actividad aseguradora, el objeto social de las entidades de seguros, su denominacin̤ social, el capital social y fondo mutual, el domicilio, los vn̕culos estrechos, el programa de actividades, los requisitos subjetivos de los socios y la direccin̤ efectiva de la entidad de seguros. Todo ello teniendo en cuenta las recientes reformas acaecidas en el mercado asegurador a la luz de toda la normativa derivada de la Directiva 2009/138/CE del Parlamento Europeo y del Consejo, de 25 de noviembre de 2009, sobre el acceso a la actividad de seguro y de reaseguro y su ejercicio (Solvencia II). 
506 1 |a Disponible solo en los productos indicados  |d vLex Global  |d vLex Global (Academic Edition, excluding Law Schools)  |d vLex Global (U.S. Academic Edition, Law Schools)  |d vLex Global (U.S. Academic Edition, excluding Law Schools)  |d vLex Global (Academic Edition, Law Schools) 
650 0 4 |a Derecho Pb︢lico y Administrativo  |z Espaą 
740 0 |a vLex Libros (Servicio en ln̕ea) 
856 4 0 |u http://vlex.com/source/condiciones-de-acceso-al-mercado-de-las-entidades-aseguradoras-20988  |z Acceso restringido 
942 |c BOOK 
999 0 |a Public and Administrative Law